ბათუმის შოთა რუსთაველის სახელმწიფო უნივერსიტეტის ბიბლიოთეკა

რჩეული ლექსები და პოემები (ბიბ.ჩანაწერი № 48948)

000 -LEADER
fixed length control field 00645nam a2200205Ia 4500
001 - CONTROL NUMBER
control field 15851
003 - CONTROL NUMBER IDENTIFIER
control field GE_BSU
008 - FIXED-LENGTH DATA ELEMENTS--GENERAL INFORMATION
fixed length control field 181216s||||||||xx |||||||||||||| ||und||
040 ## - CATALOGING SOURCE
Transcribing agency GE_BSU
080 ## - UNIVERSAL DECIMAL CLASSIFICATION NUMBER
Universal Decimal Classification number 821.353.1-1 + 821.353.1-11
100 ## - MAIN ENTRY--PERSONAL NAME
Personal name ჭიჭინაძე, კ.
245 ## - TITLE STATEMENT
Title რჩეული ლექსები და პოემები
245 ## - TITLE STATEMENT
Statement of responsibility, etc. რედ. რ. გვეტაძე
260 ## - PUBLICATION, DISTRIBUTION, ETC.
Place of publication, distribution, etc. თბილისი
260 ## - PUBLICATION, DISTRIBUTION, ETC.
Name of publisher, distributor, etc. ფედერაცია
260 ## - PUBLICATION, DISTRIBUTION, ETC.
Date of publication, distribution, etc. 1939.
300 ## - PHYSICAL DESCRIPTION
Extent 133გვ. ; 18სმ
653 ## - INDEX TERM--UNCONTROLLED
Uncontrolled term რჩეული ლექსები და პოემები
942 ## - ADDED ENTRY ELEMENTS (KOHA)
Koha item type წიგნი
ეგზემპლარები
Withdrawn status Lost status Damaged status Not for loan Date acquired Barcode Date last seen Price effective from Koha item type
        2018-12-17 39268 2018-12-17 2018-12-17 წიგნი
        2018-12-17 39269 2018-12-17 2018-12-17 წიგნი
        2018-12-17 39270 2018-12-17 2018-12-17 წიგნი
        2018-12-17 39271 2018-12-17 2018-12-17 წიგნი
        2018-12-17 39272 2018-12-17 2018-12-17 წიგნი
        2018-12-17 39273 2018-12-17 2018-12-17 წიგნი
        2018-12-17 39274 2018-12-17 2018-12-17 წიგნი
        2018-12-17 39275 2018-12-17 2018-12-17 წიგნი